| 000 | 00357nam a2200109Ia 4500 | ||
|---|---|---|---|
| 005 | 20251222144816.0 | ||
| 008 | 251222s9999||||xx |||||||||||||| ||spa|| | ||
| 082 | _a353.485/D44P | ||
| 245 | 0 | _aPropuestas para una Reforma de la Justicia Contencioso-Administrativa desde la Perspectiva del Acceso a la Justicia | |
| 264 | _bDefensorÃa del Pueblo | ||
| 942 | _cLIB | ||
| 999 |
_c20282 _d20282 |
||